[Event "Turning Torso Chess Event 2021"]
[Site "Malmoe"]
[Date "2021.08.21"]
[Round "7.5"]
[White "Blomqvist, Erik"]
[Black "Brynell, Stellan"]
[Result "1-0"]
[WhiteElo "2537"]
[BlackElo "2422"]
[Annotator "TA"]
[PlyCount "81"]
[EventDate "2021.08.20"]
[EventType "tourn"]
[EventCountry "SWE"]
[SourceTitle "playchess.com"]
[Source "ChessBase"]
[SourceQuality "1"]

{[%evp 16,81,35,26,9,-20,7,0,20,-15,16,0,15,-14,-23,-66,-10,-114,-85,-143,-115,
-155,-45,-161,-155,-138,-144,-214,-214,-307,-292,-497,-162,-297,-306,-297,-288,
-254,-66,-91,-64,-136,-129,-87,-85,-1207,0,-456,-185,-209,0,0,0,0,0,-29,238,0,
66,-124,0,-29999,438,437,594,564,807,791]} 1. e4 e6 2. d4 d5 3. Nd2 c5 4. Ngf3
a6 5. dxc5 Bxc5 6. Bd3 Nc6 7. O-O Nge7 8. a3 O-O 9. b4 Ba7 {C07: French
Tarrasch: 3...c5, 4 Ngf3 and 4 exd5 Qxd5.} 10. Qe2 Ng6 11. Nb3 Qc7 {[#] The
position is equal.} 12. g3 $146 ({Predecessor:} 12. Be3 Nf4 13. Qd2 Bb6 14.
Nbd4 Nxd3 15. cxd3 e5 16. Nxc6 Qxc6 17. Rac1 Qe6 18. Ng5 {0-1 (40) Rechel,B
(2404)-Tibensky,R (2432) Olomouc 1999}) 12... dxe4 13. Bxe4 e5 14. c4 Bg4 15.
c5 Rae8 (15... Kh8 $15 16. Qe3 f5) 16. Bb2 (16. Qc4 $11 {keeps the balance.}
Be6 17. Bd5) 16... Kh8 {Strongly threatening ...f5.} 17. Qe3 ({White should
play} 17. Qc4 f5 18. Bxc6 Qxc6 19. Ng5) 17... f5 $1 $17 {[%cal Rf5e4]} 18. Bd5
e4 (18... Nce7 $1 $17 {[%cal Re7d5]} 19. Bc4 f4 20. Bxe5 fxe3 21. Bxc7 Rxf3 22.
fxe3 Rxe3) 19. Nfd4 ({Only move:} 19. Ng5 $15) 19... f4 20. Qc3 e3 $1 21. Bxc6
(21. fxe3 $17 {might work better.} fxg3 22. e4 Nxd4 23. Nxd4 gxh2+ 24. Kh1)
21... bxc6 $19 22. Nxc6 (22. fxe3 $142 fxg3 23. e4 gxh2+ 24. Kh1 Rxe4 25. Rxf8+
Nxf8 26. Nd2) 22... Rf7 23. fxe3 $2 (23. Nba5 Be2 24. fxe3 Bxf1 25. Rxf1 fxg3
26. Rxf7 gxh2+ 27. Kh1 Qxf7 28. Qxg7+ Qxg7 29. Bxg7+ Kxg7 30. Nxa7) 23... Qxc6
$2 (23... Rxe3 24. Qd2 (24. Qc4 $2 Be6 $19) 24... Qxc6) 24. exf4 (24. Nd4 $142
Qe4 25. exf4) 24... Re2 {[%csl Ge2][%cal Rc6g2]} 25. Rf2 Rxf2 26. Kxf2 Bh3 $2 (
26... Nxf4 $19 {( -> ...Qg2+)} 27. gxf4 Rxf4+ 28. Kg1 Qg6 29. Qxg7+ Qxg7 30.
Bxg7+ Kxg7) 27. Qf3 Qc8 {aiming for ...Bb8.} 28. Re1 (28. Nd4 $1 $15) 28... Bb8
$1 $17 {[%cal Rb8f4]} 29. Qd5 Qf8 30. Qc6 $2 {[%mdl 8192]} (30. Bc1 $17) 30...
Ne7 $2 (30... Bxf4 $19 31. gxf4 Bd7 32. Qxa6 Nxf4) 31. Qb7 $2 {[%mdl 8192]} (
31. Qa8 $1 $11) 31... h6 (31... Bxf4 $142 32. gxf4 Rxf4+ 33. Ke3 (33. Kg3 $2
Bc8 $19) 33... Rf2) 32. Nd4 Bxf4 $2 ({Better is} 32... Ng6 $1 $19 33. Qxa6 Nxf4
34. gxf4 Bxf4) 33. gxf4 $11 Rxf4+ 34. Ke3 $1 ({Avoid the trap} 34. Kg3 $2 Bc8
$19) 34... Rf2 35. Bc3 Ng6 $2 {[%mdl 8192] [#]} (35... Qf7 $11 36. Qa8+ Kh7 37.
Qe4+ Ng6) 36. Qe4 $2 ({White has to play} 36. Ne6 $1 $18 {[%cal Re6f8][%mdl
512]} Qf7 37. Qxf7 Rxf7 38. Nxg7) 36... Qf7 (36... Ne7 $11) 37. Nf3 $2 {[#]} (
37. Rg1 $1 $14 {was forced to keep a grip.} Rf6 38. Rg3) 37... Ra2 ({Black
should try} 37... Rg2 $1 $17 {[%cal Rg2g4] And now ...Rg4 would win.} 38. Rg1
Qb3 39. Rxg2 Qxc3+ 40. Qd3 Qxd3+ 41. Kxd3 Bxg2) 38. Qd3 $2 {[%mdl 8192]} (38.
Re2 $11 Rxa3 39. Kd2) 38... Rxa3 $4 {[%mdl 8192] [#]} (38... Qf4#) 39. Bxg7+ $1
$18 {[%mdl 576] Discovered Attack. White is clearly winning.} Qxg7 (39... Kxg7
40. Qxa3) 40. Qxa3 Qf6 41. Qa1 {Weighted Error Value: White=1.20/Black=1.12}
1-0

[Event "Turning Torso Chess Event 2021"]
[Site "Malmoe"]
[Date "2021.08.21"]
[Round "1.4"]
[White "Hector, Jonny"]
[Black "Blomqvist, Erik"]
[Result "1-0"]
[WhiteElo "2465"]
[BlackElo "2537"]
[Annotator "TA"]
[PlyCount "72"]
[EventDate "2021.08.20"]
[EventType "tourn"]
[EventCountry "SWE"]
[SourceTitle "playchess.com"]
[Source "ChessBase"]
[SourceQuality "1"]

{[%evp 18,72,18,0,0,0,0,0,1,0,0,-30,-1,-46,0,0,17,8,0,-7,-8,-8,-7,-9,7,22,14,
10,10,10,24,7,0,-33,-35,-35,-33,-34,-29,-42,0,0,127,112,119,140,205,91,93,38,
312,292,362,354,566,551,593]} 1. e4 c5 2. Nf3 d6 3. d4 cxd4 4. Nxd4 Nf6 5. Nc3
g6 6. Bc4 Bg7 7. O-O O-O 8. Re1 Nc6 9. Bb3 Bg4 10. Qd3 Nxd4 {B70: Sicilian
Dragon: 6 g3 and 6 Be2 (without a later Be3).} 11. Qxd4 Nd7 12. Qe3 Nc5 {
The position is equal.} 13. Qg3 Be6 {[#]} 14. Nd5 $146 ({Predecessor:} 14. Qh4
Rc8 15. Bh6 Bxc3 16. bxc3 Re8 17. Bd2 f6 18. Re3 Rf8 19. Rae1 Nxb3 20. axb3 {
1/2-1/2 (35) Jansa,V (2452)-Biolek,R (2454) Czech Republic 2019}) 14... Re8 (
14... Bxd5 $5 15. exd5 Qa5 $11) 15. h4 Rc8 16. c3 Qd7 17. h5 Bxd5 18. exd5 Qf5
19. hxg6 hxg6 20. Qg5 Nd3 21. Qxf5 gxf5 22. Re2 Nxc1 23. Rxc1 {Threatening Ba4.
} Be5 24. Rce1 f4 25. Rxe5 dxe5 26. Rxe5 $11 {[%mdl 4096] Endgame KRR-KRB} Kg7
27. Rf5 e5 28. d6 Rcd8 29. Rxf7+ {[%mdl 64] [#] Double Attack} Kg6 (29... Kh6
$1 $11) 30. Rxb7 $16 {And now Bf7+ would win.} Rh8 31. d7 ({But not} 31. Rxa7
$6 Rxd6 32. f3 Rd2 $11) 31... a5 (31... Kf6 $16 32. Rxa7 Rb8 33. Ra6+ Ke7) 32.
f3 (32. Rb6+ $18 {and White stays clearly on top.} Kg7 33. Ba4) 32... Kf6 33.
Ra7 (33. Bd5 $16) 33... Rh7 $2 {[%mdl 8192] [#] This costs Black the game.} ({
Better is} 33... Ra8 $14 34. Rc7 a4) 34. Ba4 $18 ({Worse is} 34. Rxa5 Rhxd7 35.
Kf1 Rd2 $17) 34... e4 35. fxe4 Ke5 (35... Rh5 {keeps fighting.} 36. Kf2 Ke7)
36. Kf2 Rg7 {Weighted Error Value: White=0.15/Black=0.46} 1-0

[Event "Turning Torso Chess Event 2021"]
[Site "Malmoe"]
[Date "2021.08.21"]
[Round "4.5"]
[White "Schussler, Harry"]
[Black "Smith, Axel"]
[Result "1-0"]
[WhiteElo "2410"]
[BlackElo "2451"]
[Annotator "TA"]
[PlyCount "79"]
[EventDate "2021.08.20"]
[EventType "tourn"]
[EventCountry "SWE"]
[SourceTitle "playchess.com"]
[Source "ChessBase"]
[SourceQuality "1"]

{[%evp 9,79,33,29,12,33,0,0,0,0,0,0,2,0,-24,-7,0,-3,-16,7,0,17,0,0,-36,0,0,0,0,
0,-20,0,-57,-53,-56,-11,-27,0,0,0,0,0,-40,0,0,0,-110,-105,-89,27,41,143,12,10,
0,0,0,0,-86,0,0,0,0,281,244,284,-190,0,0,29985,29986,29989,29990]} 1. d4 Nf6 2.
Nf3 c5 3. d5 b5 4. Bg5 g6 5. Bxf6 exf6 6. e4 {A43: Schmid Benoni.} b4 {[#]} 7.
Bc4 $146 ({Predecessor:} 7. Nbd2 Bg7 8. Bd3 O-O 9. Nc4 d6 10. O-O Qc7 11. Qd2
Nd7 12. a3 a5 13. axb4 cxb4 {0-1 (33) Fridman,D (2616)-Dubov,D (2690) Moscow
2019}) 7... d6 8. O-O {The position is equal.} Bg7 9. a3 O-O 10. axb4 cxb4 11.
Re1 Qb6 12. Nbd2 Nd7 {[%cal Bb8d7,Bd7c5,Bc5b7][%mdl 32]} 13. Bd3 Nc5 14. Nc4
Qc7 15. Qd2 a5 16. Qf4 Ba6 (16... f5 {with more complications.} 17. e5 dxe5 18.
Nfxe5 a4 19. Be2 Ba6) 17. Rxa5 Nb7 18. Rxa6 Rxa6 19. b3 Rfa8 20. h4 (20. g3 $11
) 20... Nc5 21. h5 Nxd3 (21... gxh5 $6 22. Nd4 $14) 22. cxd3 Ra1 23. Rxa1 ({
Much weaker is} 23. Qxd6 Qxd6 24. Nxd6 Rxe1+ 25. Nxe1 Ra3 $17) ({Avoid the trap
} 23. Nxd6 $2 Bf8 $19) 23... Rxa1+ 24. Kh2 Ra2 25. Kg3 Ra6 26. h6 Bf8 27. Qxf6
(27. Nd4 $11) 27... Bxh6 $17 28. e5 {[%cal Re5d6]} Bg7 (28... Bf8 $1 $17) 29.
exd6 $11 Qd7 {[#]} (29... Qb8 $14 30. Qf4 Qb5) 30. Qe7 (30. Nfe5 $1 $16 {
[%mdl 512]} Bxf6 31. Nxd7) 30... Ra7 31. Qxd7 (31. Qe3 {feels hotter.} Bf8 32.
Qf4 h5 33. Kh2 Ra6 34. Nfe5) 31... Rxd7 {[%mdl 4096] Endgame KRB-KNN} 32. Kf4
Kf8 33. Nfe5 (33. Ke3 $11 {remains equal.}) 33... Bxe5+ ({Black should play}
33... g5+ $1 $17 34. Ke4 Bxe5 35. Kxe5 Ra7) 34. Kxe5 $17 {KR-KN} Ra7 35. Kd4 $1
Ra2 $2 {[%mdl 8192] [#]} (35... Ke8 $11) 36. Kc5 $1 $18 Ke8 37. Kc6 $4 {
[%mdl 8192] [#]} (37. Kxb4 $18 {is the narrow road to win. And now Kc5 would
win.} Kd8 38. Kc5) 37... Ra6+ $2 ({Not} 37... Rxf2 $2 38. Kc7 $18) ({Black
should try} 37... Kd8 $1 $19 38. d7 h5) 38. Kb7 Ra3 {[%mdl 8192]} 39. Nxa3 bxa3
40. Kc7 {Weighted Error Value: White=0.44/Black=0.58} 1-0

[Event "Turning Torso Chess Event 2021"]
[Site "Malmoe"]
[Date "2021.08.21"]
[Round "8.1"]
[White "Hector, Jonny"]
[Black "Smith, Axel"]
[Result "1/2-1/2"]
[WhiteElo "2465"]
[BlackElo "2451"]
[Annotator "TA"]
[PlyCount "113"]
[EventDate "2021.08.20"]
[EventType "tourn"]
[EventCountry "SWE"]
[SourceTitle "playchess.com"]
[Source "ChessBase"]
[SourceQuality "1"]

{[%evp 20,113,-18,-29,-17,-15,-6,-45,-61,-72,8,0,8,8,12,0,0,0,0,-42,-31,-22,
-16,-36,-3,-26,-31,-23,-9,-34,24,20,22,0,50,47,77,70,135,125,118,122,113,72,62,
0,15,15,13,0,0,0,39,14,14,16,9,0,0,0,14,0,0,0,0,0,0,0,18,18,22,8,8,8,8,8,8,8,8,
0,0,-8,0,0,0,0,0,0,0,0,0,0,0,0,0,0]} 1. e4 c5 2. Nf3 g6 3. c3 Bg7 4. d4 cxd4 5.
cxd4 d5 6. e5 Nh6 7. Bb5+ Bd7 8. Be2 Nc6 9. Nc3 Bg4 10. h3 Bxf3 11. Bxf3 ({
Much worse is} 11. gxf3 Nf5 $17) 11... Nf5 {B27: Sicilian: 2 Nf3, unusual
Black 2nd moves.} 12. Bxd5 Nfxd4 13. O-O Bxe5 {Black is slightly better.} 14.
Bh6 e6 {[#]} (14... Nf5 $17 15. Qb3 Nxh6 16. Qxb7 {[#]} O-O $1 17. Bxc6 Rb8 18.
Qxa7 Rxb2) 15. Re1 $146 ({Predecessor:} 15. Be4 Qh4 16. Be3 O-O 17. Qa4 Rfd8
18. Rfd1 a6 19. Qc4 Nc2 20. Bb6 Nxa1 21. Rb1 Nc2 22. Bxd8 Rxd8 23. g3 Bxg3 24.
fxg3 Qxg3+ 25. Bg2 Qxg2+ 26. Kxg2 Ne3+ 27. Kf3 Nxc4 {0-1 (26) Shukhman,A (1866)
-Pereira,G (2016) Chess.com INT 2020}) 15... Qc7 16. Bxc6+ bxc6 17. f4 Nf5 18.
fxe5 Nxh6 19. Ne4 O-O 20. Qd2 Kg7 21. Qg5 Ng8 (21... Nf5 $5 {[%cal Rc7e5]} 22.
g4 Ne7 $15) 22. Rad1 Rad8 23. Nd6 h6 24. Qf4 Qb6+ (24... Ne7 $15) 25. Kh1 Qc7
26. b4 Rb8 27. Rc1 Qb6 28. Re4 f5 (28... a5 $14) 29. exf6+ $1 $16 {[%mdl 64]
Discovered Attack} Rxf6 30. Qe5 {Threatens to win with Rec4.} Kh7 31. Rec4 Rbf8
{( -> ...Rf1+)} 32. Qc5 (32. Kh2 $14 Rf1 33. Rxf1 Rxf1 34. Rd4) 32... Qxc5 33.
Rxc5 Rf1+ 34. Kh2 Rxc1 35. Rxc1 $11 {[%mdl 4096] Endgame KRN-KRN} Rf2 36. Rxc6
Rxa2 {The position is equal.} 37. Rc7+ Kh8 38. h4 h5 39. b5 Ra5 40. Rb7 Nf6 41.
Nc8 Ng4+ 42. Kg3 e5 {[%cal Ra5a3]} 43. Kf3 Ra4 44. Rxa7 Rb4 45. b6 {b7 is the
strong threat.} e4+ $1 46. Kf4 e3+ 47. Kf3 {Black must now prevent Re7.} Ne5+ {
[%mdl 64] Discovered Attack} 48. Kxe3 {Hoping for b7.} Nc4+ 49. Kf2 {aiming
for b7.} Nxb6 50. Nd6 (50. Ne7 {keeps more tension.} Rf4+ 51. Ke3 Rg4 52. g3
Rxg3+ 53. Kd4) 50... Nd5 51. Rd7 Nf6 52. Re7 (52. Rf7 {is interesting.} Nd5 53.
Rd7) 52... Kg8 53. Re6 Kg7 54. g3 Rd4 {And now ...Rxd6! would win.} 55. Re7+
Kg8 56. Nb5 Rd7 57. Rxd7 {Weighted Error Value: White=0.09/Black=0.12} 1/2-1/2

[Event "Turning Torso Chess Event 2021"]
[Site "Malmoe"]
[Date "2021.08.21"]
[Round "1.5"]
[White "Smith, Axel"]
[Black "Westerberg, Jonathan"]
[Result "1/2-1/2"]
[WhiteElo "2451"]
[BlackElo "2526"]
[Annotator "TA"]
[PlyCount "120"]
[EventDate "2021.08.20"]
[EventType "tourn"]
[EventCountry "SWE"]
[SourceTitle "playchess.com"]
[Source "ChessBase"]
[SourceQuality "1"]

{[%evp 18,120,0,0,0,0,0,0,0,0,4,-14,-9,0,-6,-12,-18,-26,-17,-44,43,35,53,-31,
-24,-57,87,27,20,24,29,-15,-20,-6,-29,-25,-17,-52,-47,-167,-164,-172,-167,-579,
-546,-515,-434,-477,-350,-289,-22,-739,-751,-732,-774,-777,-795,-777,-731,-636,
-460,-460,-282,-281,-266,-739,-91,-528,-3,-3,-3,-3,-3,-3,0,0,0,0,0,-8,0,0,0,0,
0,0,0,0,0,0,0,0,0,0,0,0,0,0,0,0,0,0,0,0,0]} 1. e4 c5 2. Nc3 e6 3. Nf3 Nc6 4.
Bb5 Nge7 5. O-O a6 6. Bxc6 Nxc6 7. d4 cxd4 8. Nxd4 Qc7 9. Re1 Bd6 10. Nxc6 bxc6
{B30: Sicilian: 2...Nc6 3 Bb5, lines without ...g6.} ({Of course not} 10...
Bxh2+ $6 11. Kh1 $16) 11. Qh5 Be5 {[#]} 12. Bd2 $146 ({Predecessor:} 12. f4
Bd4+ 13. Kh1 O-O 14. Ne2 g6 15. Qf3 Bg7 16. f5 exf5 17. exf5 Qa5 18. c3 Qxf5
19. Qxf5 gxf5 {1/2-1/2 (33) Sengupta,D (2559)-Amartuvshin,G (2394) Xingtai 2019
}) 12... O-O 13. Rad1 d6 14. Re3 {Rh3 is the strong threat.} f5 15. exf5 exf5
16. Ree1 f4 17. Ne4 Bf5 18. Qf3 Qf7 (18... d5 $15 19. Nc5 Rae8) 19. Bc3 $14 Qg6
20. h3 (20. Bxe5 $14 dxe5 21. Qb3+ Be6 22. Qd3 (22. Qf3 Bg4 $11)) 20... Rae8
21. Bxe5 dxe5 (21... Rxe5 $15 {stays ahead.} 22. Nd2 Bxc2) 22. Nd6 (22. b4 $16)
22... Bxc2 $11 {aiming for ...Rd8.} 23. Rd2 Re6 24. Qc3 {[#]} f3 $1 {[%csl Gf3]
[%cal Rg6g2]} 25. g3 Bf5 26. Nxf5 Qxf5 $40 {[%mdl 128] Black attacks.} 27. Re3
e4 28. g4 ({White must play} 28. Kh2 $1 $15) 28... Qg6 $19 29. Qc4 h5 30. Rd6
$2 {[#]} (30. Rd4 {nothing else works.} Rf4 31. Rd6) 30... Rfe8 $1 31. Rxe6
Rxe6 {[%mdl 4096] Endgame KQR-KQR} 32. Kf1 hxg4 33. hxg4 Qxg4 $2 ({Black
should play} 33... Kh7 $19 34. Ke1 Qxg4) 34. Ke1 $2 {[%mdl 8192]} (34. Rxf3 $11
Kh7 35. Rg3 Qd1+ 36. Kg2) 34... Qg1+ 35. Qf1 Qxf1+ 36. Kxf1 {KR-KR} Kf7 37. Ra3
c5 38. Rc3 Rd6 {[%cal Rd6d1]} 39. Ke1 Rb6 40. b3 Rh6 41. Rxc5 $2 (41. Rc4 Rh1+
42. Kd2) 41... Rh1+ 42. Kd2 {[#]} Rf1 $2 (42... Kf6 $1 $19 {Hoping for ...g5.}
43. Rc8 Rf1) 43. Ke3 $11 {The position is equal.} Re1+ 44. Kf4 $1 Re2 {[%mdl
64] Double Attack} 45. Ra5 Rxf2 {And now ...Re2 would win.} 46. Kxe4 Rf1 47.
Rf5+ Ke6 48. Rxf3 Ra1 49. a4 Rb1 50. Rg3 Re1+ 51. Kd4 Kf6 52. b4 g5 53. b5 axb5
54. axb5 Rb1 55. Kc5 Kf5 56. b6 Kf4 57. Rg2 g4 58. Kc6 Kf3 59. Rxg4 Rxb6+ 60.
Kxb6 {White threatens Rd4 and mate.} Kxg4 {Whites escaped into a draw.
Weighted Error Value: White=0.40/Black=0.38} 1/2-1/2

[Event "Turning Torso Chess Event 2021"]
[Site "Malmoe"]
[Date "2021.08.21"]
[Round "8.2"]
[White "Agrest, Evgenij"]
[Black "Blomqvist, Erik"]
[Result "1-0"]
[WhiteElo "2568"]
[BlackElo "2537"]
[Annotator "TA"]
[PlyCount "165"]
[EventDate "2021.08.20"]
[EventType "tourn"]
[EventCountry "SWE"]
[SourceTitle "playchess.com"]
[Source "ChessBase"]
[SourceQuality "1"]

{[%evp 18,165,12,0,14,-4,-14,-17,-15,-7,8,-9,-1,-31,0,0,0,-25,-21,-10,-9,-60,
-14,-38,0,0,0,0,19,17,23,10,12,0,25,0,0,0,0,0,0,0,0,0,0,0,0,-16,0,-18,90,75,99,
0,50,0,0,0,16,12,53,46,49,46,163,162,356,315,314,184,256,264,266,268,250,256,
258,256,240,256,247,193,144,35,67,60,55,13,13,0,0,0,13,13,13,13,13,13,20,20,21,
21,21,14,21,21,21,21,21,21,21,21,82,21,459,400,1294,670,1158,610,790,516,1247,
1231,1788,1586,29959,29960,29944,29954,29974,29963,29946,2107,29966,29967,
29966,29965,29966,29968,29967,29967,29977,29978,29980,29981,29981,29982,29982,
29983]} 1. Nf3 Nf6 2. c4 e6 3. b3 c5 4. Bb2 Be7 5. e3 O-O 6. Nc3 b6 7. Be2 Bb7
8. O-O d5 9. d4 Nbd7 10. Rc1 Rc8 {E14: Queen's Indian: Classical Variation (4
e3).} 11. Rc2 cxd4 12. Nxd4 dxc4 {The position is equal.} 13. Bxc4 Ne5 14. Be2
{[#]} Qd7 $146 ({Predecessor:} 14... a6 15. a4 Bc5 16. Nf3 Ned7 17. Nb1 Qe7 18.
Nbd2 Nd5 19. Qb1 Ba3 20. Rfc1 Bxb2 21. Qxb2 Rxc2 22. Rxc2 {1/2-1/2 (22)
Neelotpal,D (2469)-Hera,I (2568) Ranshofen 2012}) 15. Qa1 Rfd8 16. Rd1 Qe8 17.
Bb5 Qf8 18. Bf1 a6 19. Rcc1 ({White should play} 19. Nce2 $11) 19... h6 20. Nb1
Ned7 21. Nd2 b5 22. a4 bxa4 23. bxa4 Rxc1 24. Rxc1 Rc8 25. Rb1 Ne4 26. Nxe4 (
26. N4f3 {feels hotter.} Nec5 27. a5 Bd6 28. Nc4 Bc7 29. Nfd2) 26... Bxe4 27.
Rd1 Nc5 28. Ba3 a5 29. Bb5 Bd5 30. f3 Nb3 31. Bxe7 Qxe7 32. Qb2 Qb4 33. Ne2 Bc4
(33... Bc6 $11) 34. Qc2 $16 {Hoping for Bxc4.} g6 35. h4 (35. Ng3 $16) 35... e5
(35... Rc5 $5 {[%cal Rc4b5]} 36. Bxc4 Rxc4 $11) 36. h5 Be6 37. Qb2 $36 {
[%mdl 2048] White has some pressure.} Qc5 38. Kf2 {Strongly threatening hxg6.}
g5 39. Rd3 Qb4 40. Qxe5 Nc5 (40... Qh4+ $14 41. Qg3 Qxh5) 41. Rd4 $18 Qa3 (
41... Qb1 {is a better defense.} 42. Qf6 Kh7) 42. f4 Nb3 43. Rd3 (43. fxg5 Nxd4
44. exd4 Qf8 $14) (43. Rd6 $142 Nc5 44. f5 (44. fxg5 Ne4+ 45. Qxe4 Qxd6 $16)
44... Ne4+ 45. Qxe4 Qxd6 46. fxe6 Qxe6 47. Qxe6 fxe6 48. Nd4) 43... Qc5 (43...
Qa1 {might work better.} 44. Qxa1 Nxa1 45. fxg5 hxg5) 44. Qf6 $1 gxf4 45. Nxf4
({Much less strong is} 45. Qxh6 $6 fxe3+ 46. Rxe3 (46. Qxe3 Kh7 $16) 46... Rd8
$18) 45... Qc2+ 46. Kg3 Nc5 {And now ...Ne4+ would win.} 47. Rd8+ $1 ({And not
} 47. Qxh6 Ne4+ 48. Kh2 Qf2 $11) 47... Rxd8 48. Qxd8+ {[%mdl 64] Double Attack}
Kg7 49. Qd4+ ({Don't do} 49. Qxa5 $6 Qc1) 49... Kg8 50. Be2 (50. Kh2 $16) 50...
Qf5 51. Kh2 Qg5 52. Nxe6 (52. Kg1 {seems wilder.} Bb3 53. Qc3 Bxa4 54. Qxa5 Qe5
55. Qd2) 52... Nxe6 53. Qe4 Nc5 54. Qd4 Ne6 55. Qg4 Qxg4 56. Bxg4 $11 {[%mdl
4096] Endgame KB-KN} Nc5 57. Bd1 Kg7 58. Kg3 Kf6 59. Kf4 $1 Nd3+ 60. Kf3 Ke5
61. Bb3 f6 62. Bc4 Nc5 63. Bb5 Ne4 64. Be8 Nd6 {[#]} (64... Nc3 $11) 65. Bd7 (
65. Bc6 $1 $16) 65... Kd5 $2 {[%mdl 8192] [#] This move loses the game for
Black.} (65... Ne4 $11) 66. Kf4 $1 $18 Kc5 (66... Nc4 $142 67. e4+ Kd6) 67. g3
Kd5 68. Bg4 Kc5 69. Bd1 Kc4 (69... Nc4 $142 70. g4 Nd6) 70. e4 Kd4 71. Bf3 Kd3
72. e5 fxe5+ 73. Kxe5 Nf7+ 74. Kf4 Kd4 75. Bc6 (75. Kf5 $142 Ne5 76. Be2 Nd7
77. Kg6 Nc5 78. Kxh6 Ke3 79. Bb5 Kd4 80. Kg6) 75... Ng5 76. Kf5 {White mates.}
Nf7 77. Kf6 Ne5 78. Bg2 Ng4+ 79. Kg6 Ke3 80. Bh3 Ne5+ 81. Kxh6 Kf3 82. Kg7 Kxg3
{[#]} 83. h6 $1 {Weighted Error Value: White=0.17/Black=0.22} 1-0

[Event "Turning Torso Chess Event 2021"]
[Site "Malmoe"]
[Date "2021.08.21"]
[Round "2.1"]
[White "Hellers, Ferdinand"]
[Black "Westerberg, Jonathan"]
[Result "1/2-1/2"]
[WhiteElo "2592"]
[BlackElo "2526"]
[Annotator "TA"]
[PlyCount "120"]
[EventDate "2021.08.20"]
[EventType "tourn"]
[EventCountry "SWE"]
[SourceTitle "playchess.com"]
[Source "ChessBase"]
[SourceQuality "1"]

{[%evp 33,120,25,24,10,18,12,45,23,18,16,18,18,79,19,33,31,90,88,90,90,79,87,
91,91,91,90,254,64,72,60,60,18,71,14,6,16,20,20,183,177,132,0,0,-158,-150,-170,
-151,-159,-143,-136,-135,-171,-171,-180,-180,-162,0,0,0,-180,-180,-180,-180,
-155,0,-2082,-1593,-12833,-12833,-12833,-12833,-12837,-12835,-12839,-12839,
-12840,-12840,-12848,-12847,-27995,-27995,-27996,-28000,-28000,-28000,-28000,
-28000,-28000,-28000]} 1. e4 c5 2. Nf3 Nc6 3. d4 cxd4 4. Nxd4 Nf6 5. Nc3 e6 6.
Nxc6 bxc6 7. e5 Nd5 8. Ne4 Qc7 9. f4 Qb6 10. c4 Bb4+ 11. Ke2 Ba6 12. Kf3 f5 13.
Nf2 Ne7 14. Be3 Bc5 15. Bxc5 Qxc5 16. Qd6 Qb6 17. b3 c5 18. Rd1 {B45: Sicilian
Four Knights.} Qxd6 19. exd6 Ng8 20. Nd3 {White is slightly better.} Rc8 {[#]}
21. Be2 $146 ({Predecessor:} 21. Ne5 Nf6 22. h3 O-O 23. Ke3 Ne4 24. Rg1 Bb7 25.
g4 Rcd8 26. Bg2 Ba8 27. h4 {1-0 (41) Bodnaruk,A (2462)-Suslova,A (2209) Satka
2013}) 21... Nf6 22. Ne5 Rg8 (22... Bb7+ $11 {keeps the balance.} 23. Ke3 Rb8)
23. h4 (23. Ke3 $16) 23... Bb7+ $11 24. Kf2 $1 Ne4+ (24... Be4 $14) 25. Ke3 $16
Nc3 26. Rd2 Ne4 27. Rd3 Ng3 28. Rg1 a5 29. Bf3 Bxf3 (29... Be4 $16) 30. Kxf3 $2
(30. gxf3 $18 Nh5 31. Rdd1) 30... Nh5 $14 31. a3 Nf6 32. b4 axb4 (32... cxb4
$11 33. axb4 axb4) 33. axb4 (33. Rb1 $16) 33... cxb4 $11 34. Rb1 Ng4 $1 35.
Rxb4 Nxe5+ $2 (35... g5 $1 $11 {and Black is okay.}) 36. fxe5 {[%mdl 4096]
Endgame KRR-KRR} Rc5 37. Kf4 (37. Ra3 $1 $16 {[%cal Ra3a7]} Kf7 38. Ra7) 37...
Kf7 38. Rb7 $2 (38. Rc3 $11) 38... Rxc4+ $17 39. Kf3 Rd8 ({Not} 39... Rxh4 $2
40. Rxd7+ Kg6 41. Re7 $18) 40. g3 Kg6 41. Rc7 Re4 42. Re3 Rd4 43. Ra3 Rd5 44.
Kf4 {[#]} Kh5 $2 (44... h6 $1 $19 45. Raa7 Rd4+ 46. Kf3 Rd3+ 47. Kg2 Rd5 48.
Rxd7 Rxd7 49. Rxd7 Rxe5) 45. Raa7 $11 h6 {Hoping for ...Rd3.} 46. Kf3 $2 (46.
Rxd7 $11 {and White has nothing to worry.} g5+ 47. hxg5 Rxd7 48. Rxd7 hxg5+ 49.
Kf3) 46... Rxe5 $19 47. Rxd7 Rxd7 48. Rxd7 {[#] KR-KR} Rd5 $2 ({Black should
try} 48... Kg6 $1 $17 49. Rd8 Rd5) 49. Rd8 $2 {[%mdl 8192]} (49. Rxg7 $11 Rxd6
50. Kf4) 49... e5 50. d7 Rd3+ 51. Ke2 e4 52. Rf8 Rxd7 53. Rxf5+ Kg4 54. Rf4+
Kxg3 55. Rxe4 g5 56. hxg5 hxg5 {Mate.} 57. Re3+ Kf4 58. Ra3 Rb7 59. Kf2 Rb2+
60. Kg1 Kg4 {[%mdl 32768] Weighted Error Value: White=0.77/Black=0.25. An
unexpected result.} 1/2-1/2